Climate Change and Fisheries: Meta-Synthesis of Regional Vulnerabilities and Responses

Cieľom tejto štúdie je zhodnotiť vplyv zmeny klímy na životaschopnosť rybárskeho priemyslu v Ázii, Oceánii, Afrike a Amerike, s osobitným zameraním na rybársky sektor v Indonézii.

Guardado en:
Detalles Bibliográficos
Autor principal: Rekarti, Endi
Otros Autores: Wibowo, Martino, Mubarok, Faizul, Klimko, Roman, 1985-
Formato: Capítulo de libro
Lenguaje:inglés
Materias:
Etiquetas: Agregar Etiqueta
Sin Etiquetas, Sea el primero en etiquetar este registro!

MARC

LEADER 00000naa$a2200000$$$4500
001 0313880
005 20260109103952.6
041 0 |a eng 
044 |a ID 
245 1 0 |a Climate Change and Fisheries: Meta-Synthesis of Regional Vulnerabilities and Responses  |c Endi Rekarti, Martino Wibowo, Faizul Mubarok, Roman Klimko 
520 |a Cieľom tejto štúdie je zhodnotiť vplyv zmeny klímy na životaschopnosť rybárskeho priemyslu v Ázii, Oceánii, Afrike a Amerike, s osobitným zameraním na rybársky sektor v Indonézii. 
610 2 0 |a rybárstvo 
610 2 0 |a priemysel potravinársky 
610 2 0 |a Indonézia 
610 2 0 |a zmeny klimatické 
610 2 0 |a regióny 
100 1 |a Rekarti, Endi 
700 1 |a Wibowo, Martino 
700 1 |a Mubarok, Faizul 
700 1 |a Klimko, Roman, 1985-